Development hurdles (Record no. 75728)
[ view plain ]
| 000 -LEADER | |
|---|---|
| fixed length control field | 00964cab a2200181 4500 |
| 001 - CONTROL NUMBER | |
| control field | L130609 |
| 008 - FIXED-LENGTH DATA ELEMENTS--GENERAL INFORMATION | |
| fixed length control field | 050817n2005 000 0 eng u |
| 035 ## - SYSTEM CONTROL NUMBER | |
| System control number | (Sirsi) u130609 |
| 041 ## - LANGUAGE CODE | |
| Language code of text/sound track or separate title | eng |
| 100 ## - MAIN ENTRY--PERSONAL NAME | |
| Personal name | Field, Duncan |
| 245 ## - TITLE STATEMENT | |
| Title | Development hurdles |
| 260 ## - PUBLICATION, DISTRIBUTION, ETC. | |
| Date of publication, distribution, etc. | 2005 |
| 490 ## - SERIES STATEMENT | |
| Series statement | Estates Gazette |
| Volume/sequential designation | (0532) 13 August 2005, 64-65(2) |
| 520 ## - SUMMARY, ETC. | |
| Summary, etc. | Summarises the key factors that developers involved in regeneration projects should bear in mind. Examines environmental impact assessments and planning obligations as customary requirements for major regeneration projects and looks at the issues of affordable housing, compulsory purchase and highways as well as rights to light and restrictive covenants. Concludes that developers and investors will only make the necessary long-term commitment to urban regeneration if they receive an adequate level of return. |
| 590 ## - LOCAL NOTE (RLIN) | |
| Local note | IKA300805 |
| 690 ## - LOCAL SUBJECT ADDED ENTRY--TOPICAL TERM (OCLC, RLIN) | |
| Topical term or geographic name as entry element | PROPERTY-PROPERTY MANAGEMENT-REGENERATION |
| 942 ## - ADDED ENTRY ELEMENTS (KOHA) | |
| Suppress in OPAC | 0 |
| Withdrawn status | Lost status | Source of classification or shelving scheme | Damaged status | Not for loan | Home library | Current library | Shelving location | Date acquired | Total Checkouts | Full call number | Barcode | Date last seen | Copy number | Price effective from | Koha item type |
|---|---|---|---|---|---|---|---|---|---|---|---|---|---|---|---|
| Dewey Decimal Classification | London | London | Journal article | 17/08/2005 | L130609 | 130609-1001 | 06/08/2019 | 1 | 06/08/2019 | Journal article |